Construction and standardization of volleyball skill tests for men players (Record no. 12014)

MARC details
000 -LEADER
fixed length control field 00500nam a2200157Ia 4500
082 ## - DEWEY DECIMAL CLASSIFICATION NUMBER
Classification number TG.0252
100 ## - MAIN ENTRY--AUTHOR NAME
Personal name Gurdev Singh
245 #0 - TITLE STATEMENT
Title Construction and standardization of volleyball skill tests for men players
260 ## - PUBLICATION, DISTRIBUTION, ETC. (IMPRINT)
Year of publication 1990
Name of publisher Punjabi University
300 ## - PHYSICAL DESCRIPTION
Number of Pages 171p. + C D - 34
650 ## - SUBJECT ADDED ENTRY--TOPICAL TERM
Topical Term ATHLETIC ABILITY - TESTING///VOLLEYBALL - ABILITY TESTING
650 ## - SUBJECT ADDED ENTRY--TOPICAL TERM
Topical Term SPORTS///VOLLEYBALL - ABILITY TESTING
650 ## - SUBJECT ADDED ENTRY--TOPICAL TERM
Topical Term VOLLEYBALL - ABILITY TESTING
710 ## - ADDED ENTRY--CORPORATE NAME
Corporate name or jurisdiction name as entry element Kamlesh, M.L.
942 ## - ADDED ENTRY ELEMENTS (KOHA)
Koha item type Thesis
Source of classification or shelving scheme Dewey Decimal Classification
Holdings
Withdrawn status Lost status Damaged status Not for loan Home library Current library Date acquired Bill Date Full call number Accession Number Price effective from Koha item type
        NASSDOC Library NASSDOC Library 08/10/2004 2008-12-30 TG.0252 32494 18/04/2019 Thesis